Оливия, или Волшебный конь: повесть; пер. с англ.

Podrobná bibliografie
Hlavní autor: Вебб Х. Холли
Další autoři: Соколова И. (переводчик)
Shrnutí:Прекрасная, чарующая Венеция полна тайн и волшебства. Здесь принцессы дружат с нищими сиротами и древними могучими созданиями — лошадьми, живущими в воде. Здесь по дворцу дожей разгуливает живой кот, созданный из шоколада, а юной наследнице дожей нужно придумать, как спасти город от наводнения. Читайте увлекательную историю от всемирно известного автора детских книг Холли Вебб!
Jazyk:ruština
Vydáno: Москва, Эксмо, 2019
Edice:Тайны волшебников
Témata:
Médium: Kniha
KOHA link:https://koha.lib.tpu.ru/cgi-bin/koha/opac-detail.pl?biblionumber=376991

MARC

LEADER 00000nam0a2200000 4500
001 376991
005 20231102012853.0
010 |a 9785699982899 
035 |a (RuTPU)RU\TPU\retro\34435 
090 |a 376991 
100 |a 20230201d2019 d y0rusy50 ca 
101 1 |a rus  |c eng 
102 |a RU 
105 |a y z 000ay 
200 1 |a Оливия, или Волшебный конь  |e повесть  |e пер. с англ.  |f Х. Вебб  |g пер. И. Соколова 
210 |a Москва  |c Эксмо  |d 2019 
215 |a 350 с. 
225 1 |a Тайны волшебников 
330 |a Прекрасная, чарующая Венеция полна тайн и волшебства. Здесь принцессы дружат с нищими сиротами и древними могучими созданиями — лошадьми, живущими в воде. Здесь по дворцу дожей разгуливает живой кот, созданный из шоколада, а юной наследнице дожей нужно придумать, как спасти город от наводнения. Читайте увлекательную историю от всемирно известного автора детских книг Холли Вебб! 
606 1 |a Английская литература  |2 stltpush  |3 (RuTPU)RU\TPU\subj\29042  |9 52454 
610 1 |a художественная литература 
610 1 |a детская литература 
610 1 |a повести 
610 1 |a приключения 
610 1 |a фэнтези 
675 |a 82  |v 4 
700 1 |a Вебб  |b Х.  |g Холли 
702 1 |a Соколова  |b И.  |4 730 
801 1 |a RU  |b 63413507  |c 20230201 
801 2 |a RU  |b 63413507  |c 20230310  |g RCR 
942 |c BK